000 00502nam a2200193Ia 4500
003 GCL
008 140319s9999 xx 000 0 eng d
040 _aGCL /
_cGCL
082 0 4 _a624.1899
_bM A
100 1 _aMAYS,G.C
245 1 0 _aADHESIVES IN CIVIL ENGINEERING /
_cMAYS,G.C
700 1 _aHUTCHINSON, A.R.
260 _a[S.N] :
_bCOMBRIDGE UNIVERSITY PRESS ،
_c1992
300 _a333
650 0 4 _aالتحليل الرياضى
650 0 4 _aADHESIVES
650 0 4 _aHOINTS
942 _2ddc
_cBK
999 _c16961
_d16961